000 00400nam a2200145Ia 4500
041 _aArabic
082 _a635.9 cut-929 ب
100 _a20260118u\\\\\\\\\\\y0engy0103\\\\ba
100 _aطاهر نجم رسول بيتوشي
245 0 _aابصال الزينة
250 _aط1
260 _bمكتبة دلشاد
_aالسليمانية - العراق
_c2011
300 _a112
942 _cBk
999 _c190304
_d190304